Surveying buildings (Record no. 102785)
[ view plain ]
| 000 -LEADER | |
|---|---|
| fixed length control field | 02252cam a2200649 4500 |
| 008 - FIXED-LENGTH DATA ELEMENTS--GENERAL INFORMATION | |
| fixed length control field | 000000n2003 000 0 eng u |
| 020 ## - INTERNATIONAL STANDARD BOOK NUMBER | |
| International Standard Book Number | 0854069798 |
| 035 ## - SYSTEM CONTROL NUMBER | |
| System control number | (Sirsi) u122160 |
| 041 ## - LANGUAGE CODE | |
| Language code of text/sound track or separate title | ENG |
| 050 ## - LIBRARY OF CONGRESS CALL NUMBER | |
| Classification number | 690.2 |
| -- | 18 |
| 100 ## - MAIN ENTRY--PERSONAL NAME | |
| Personal name | Hollis, Malcolm |
| 245 ## - TITLE STATEMENT | |
| Title | Surveying buildings |
| 250 ## - EDITION STATEMENT | |
| Edition statement | 4th rev. ed. |
| 260 ## - PUBLICATION, DISTRIBUTION, ETC. | |
| Place of publication, distribution, etc. | London |
| Name of publisher, distributor, etc. | RICS |
| Date of publication, distribution, etc. | 2003 |
| 300 ## - PHYSICAL DESCRIPTION | |
| Extent | x, 525p. |
| Other physical details | ill. |
| Dimensions | 30cm. |
| 350 ## - PRICE (NR) (BK AM CF MU VM SE) [OBSOLETE] | |
| Price | 50 |
| 505 ## - FORMATTED CONTENTS NOTE | |
| Formatted contents note | What is a survey? |
| 505 ## - FORMATTED CONTENTS NOTE | |
| Formatted contents note | The inspection |
| 505 ## - FORMATTED CONTENTS NOTE | |
| Formatted contents note | Checklist in preparing for a survey |
| 505 ## - FORMATTED CONTENTS NOTE | |
| Formatted contents note | Reporting |
| 505 ## - FORMATTED CONTENTS NOTE | |
| Formatted contents note | Surveys of specialist buildings |
| 505 ## - FORMATTED CONTENTS NOTE | |
| Formatted contents note | Surveying equipment |
| 505 ## - FORMATTED CONTENTS NOTE | |
| Formatted contents note | The contract |
| 505 ## - FORMATTED CONTENTS NOTE | |
| Formatted contents note | The duties of surveyors, their performance and their breach |
| 505 ## - FORMATTED CONTENTS NOTE | |
| Formatted contents note | The consequnces of breach of duty |
| 505 ## - FORMATTED CONTENTS NOTE | |
| Formatted contents note | Health in buildings |
| 505 ## - FORMATTED CONTENTS NOTE | |
| Formatted contents note | Asbestos |
| 505 ## - FORMATTED CONTENTS NOTE | |
| Formatted contents note | Roofs |
| 505 ## - FORMATTED CONTENTS NOTE | |
| Formatted contents note | Walls |
| 505 ## - FORMATTED CONTENTS NOTE | |
| Formatted contents note | Plastics |
| 505 ## - FORMATTED CONTENTS NOTE | |
| Formatted contents note | Metals |
| 505 ## - FORMATTED CONTENTS NOTE | |
| Formatted contents note | Windows |
| 505 ## - FORMATTED CONTENTS NOTE | |
| Formatted contents note | Floors |
| 505 ## - FORMATTED CONTENTS NOTE | |
| Formatted contents note | Surveying services |
| 505 ## - FORMATTED CONTENTS NOTE | |
| Formatted contents note | Finishes |
| 505 ## - FORMATTED CONTENTS NOTE | |
| Formatted contents note | Surroundings |
| 505 ## - FORMATTED CONTENTS NOTE | |
| Formatted contents note | Dampness |
| 505 ## - FORMATTED CONTENTS NOTE | |
| Formatted contents note | Timber decay caused by insect attack |
| 505 ## - FORMATTED CONTENTS NOTE | |
| Formatted contents note | Rot and fungus damage to timber |
| 505 ## - FORMATTED CONTENTS NOTE | |
| Formatted contents note | Crack interpretation |
| 505 ## - FORMATTED CONTENTS NOTE | |
| Formatted contents note | Trees and their effect on buildings |
| 520 ## - SUMMARY, ETC. | |
| Summary, etc. | This classic surveying text provides practical advice to the practitioner and student on what to look for when carrying out building surveys, how to interpret what they see and how to present those findings in a useful and accurate manner in the report. The fourth edition has been revised to reflect changes in legislation and practice since it was first published in 2000. |
| 520 ## - SUMMARY, ETC. | |
| Summary, etc. | Superseded by fifth edition (ISBN 1842191926). Supersedes fourth edition (ISBN 0854069798). |
| 650 ## - SUBJECT ADDED ENTRY--TOPICAL TERM | |
| Topical term or geographic name entry element | BUILDING SURVEYS |
| 650 ## - SUBJECT ADDED ENTRY--TOPICAL TERM | |
| Topical term or geographic name entry element | STRUCTURAL SURVEYS |
| 650 ## - SUBJECT ADDED ENTRY--TOPICAL TERM | |
| Topical term or geographic name entry element | INSPECTIONS |
| 650 ## - SUBJECT ADDED ENTRY--TOPICAL TERM | |
| Topical term or geographic name entry element | SURVEYING EQUIPMENT |
| 650 ## - SUBJECT ADDED ENTRY--TOPICAL TERM | |
| Topical term or geographic name entry element | BUILDING DEFECTS |
| 650 ## - SUBJECT ADDED ENTRY--TOPICAL TERM | |
| Topical term or geographic name entry element | SURVEYORS' NEGLIGENCE |
| 650 ## - SUBJECT ADDED ENTRY--TOPICAL TERM | |
| Topical term or geographic name entry element | Survey reports |
| 9 (RLIN) | 6270 |
| 650 ## - SUBJECT ADDED ENTRY--TOPICAL TERM | |
| Topical term or geographic name entry element | SURVEYORS' LIABILITIES |
| 690 ## - LOCAL SUBJECT ADDED ENTRY--TOPICAL TERM (OCLC, RLIN) | |
| Topical term or geographic name as entry element | BUILT ENVIRONMENT-BUILDING INSPECTION |
| 700 ## - ADDED ENTRY--PERSONAL NAME | |
| Personal name | Gibson, Charles |
| 710 ## - ADDED ENTRY--CORPORATE NAME | |
| Corporate name or jurisdiction name as entry element | Royal Institution of Chartered Surveyors |
| 9 (RLIN) | 4900 |
| 942 ## - ADDED ENTRY ELEMENTS (KOHA) | |
| Suppress in OPAC | 0 |
| Withdrawn status | Lost status | Source of classification or shelving scheme | Damaged status | Not for loan | Home library | Current library | Shelving location | Date acquired | Total Checkouts | Full call number | Barcode | Date last seen | Copy number | Price effective from | Koha item type | Date last checked out |
|---|---|---|---|---|---|---|---|---|---|---|---|---|---|---|---|---|
| Dewey Decimal Classification | London | London | Books | 07/08/2003 | RICS 2003/26 | 30067341 | 06/08/2019 | 2 | 06/08/2019 | Reference material | ||||||
| Missing | London | London | Missing | 07/08/2003 | 31 | RICS 2003/26 | 30067343 | 06/08/2019 | 3 | 06/08/2019 | Book | 14/05/2008 | ||||
| Dewey Decimal Classification | London | London | RICS Boxes | 27/04/2009 | RICS 2003/26 | 30067340 | 06/08/2019 | 1 | 06/08/2019 | Archive |